00303cam a22001097a 4500008004000000082001200040100001800052245005500070260003300125300001000158650002500168180718b1955 xxu||||| |||| 00| 0 eng d aR7 K773 aKnox, John B. aSociology of industrial relationscby John B. Knox aNew YorkbRandom Housec1955 a348p. aIndustrial relations